000
00338 a2200157 4500
001
158376
020
_a
040
_c
Magnum
100
_a
Couper, Heather
240
1
0
_a
Big bang: a historia do universo
_l
por
245
1
0
_a
Big bang: a historia do universo
362
0
_a
1899
440
1
_a
Moderna
697
_a
ATLAS
942
_c
BK
999
_c
158376
_d
158376